TWD TV Episodes Quiz Stats

 Plays Quiz not verified by Sporcle

Also try: Name That Show
Challenge
Share
Tweet
Embed
Score 0/35 Timer 10:00
0 Plays Today
% Correct
Days Gone Bye
83.8%
Guts
68.6%
Tell It to the Frogs
68.1%
TS-19
65.8%
Vatos
65.6%
What Lies Ahead
61.4%
Wildfire
58.6%
Bloodletting
52.7%
Chupacabra
49.9%
Cherokee Rose
47.6%
Pretty Much Dead Already
47.3%
Save the Last One
46.8%
Nebraska
46%
Secrets
45.5%
Beside the Dying Fire
44.5%
Judge, Jury, Executioner
44.2%
Better Angels
43.7%
Seed
43.7%
% Correct
18 Miles Out
43.2%
Welcome to the Tombs
42.6%
Sick
42.2%
Triggerfinger
41.1%
Walk With Me
41.1%
Killer Within
40.4%
This Sorrowful Life
37.4%
Made to Suffer
36.5%
The Suicide King
36%
Say the Word
35.7%
I Ain't a Judas
35%
Arrow on the Doorpost
35%
Hounded
34.7%
Prey
34%
When the Dead Come Knocking
33.7%
Clear
33.4%
Home
32.2%

You're not logged in!

Compare scores with friends on all Sporcle quizzes.
Join for Free
OR
Log In

You Might Also Like...

Show Comments

Extras

Top Quizzes Today


Score Distribution

Your Account Isn't Verified!

In order to create a playlist on Sporcle, you need to verify the email address you used during registration. Go to your Sporcle Settings to finish the process.

Report this User

Report this user for behavior that violates our Community Guidelines.

Details: